[Event "Hannover-chB"]
[Site "Lehrte"]
[Date "2012.10.23"]
[Round "7"]
[White "Nuelle, Sascha"]
[Black "Heise, Thomas"]
[Result "1/2-1/2"]
[WhiteElo "1784"]
[BlackElo "1793"]
[PlyCount "64"]
[EventDate "2012.10.20"]
[EventType "swiss"]
[EventRounds "7"]
[EventCountry "GER"]
[SourceTitle "EXT 2021"]
[Source "ChessBase"]
[SourceDate "2020.10.23"]
[SourceVersion "1"]
[SourceVersionDate "2020.10.23"]
[SourceQuality "1"]

1. Nf3 d5 2. d4 Nf6 3. c4 c6 4. Nc3 Bf5 5. e3 e6 6. Be2 Nbd7 7. 0-0 Bd6 8. h3 Ne4 9. Nd2 Ndf6 10. Ndxe4 Nxe4 11. Nxe4 Bxe4 12. Bd3 Qh4 13. Bxe4 Qxe4 14. cxd5 exd5 15. Qg4 Qxg4 16. hxg4 Kd7 17. Bd2 Rae8 18. g3 Re4 19. f3 Re6 20. Kg2 Rhe8 21. Rac1 Be7 22. Rh1 h6 23. Rhe1 Bg5 24. Kf2 Be7 25. Kg2 Bd6 26. Kf2 Rg6 27. Rg1 Rh8 28. a3 Re6 29. Rh1 Ree8 30. Rhe1 Re6 31. Rh1 Ree8 32. Rhe1 Re6 1/2-1/2

[Event "Hannover-chC"]
[Site "Lehrte"]
[Date "2011.10.17"]
[Round "5"]
[White "Schulze, Torben"]
[Black "Heise, Thomas"]
[Result "1-0"]
[WhiteElo "2228"]
[BlackElo "1801"]
[PlyCount "61"]
[EventDate "2011.10.15"]
[EventType "swiss"]
[EventRounds "7"]
[EventCountry "GER"]
[SourceTitle "EXT 2021"]
[Source "ChessBase"]
[SourceDate "2020.10.23"]
[SourceVersion "1"]
[SourceVersionDate "2020.10.23"]
[SourceQuality "1"]

1. e4 d5 2. exd5 Qxd5 3. Nc3 Qd6 4. d4 Nf6 5. Nf3 c6 6. Ne5 Nbd7 7. f4 Nb6 8. g4 Nbd5 9. Bg2 Nxc3 10. bxc3 g6 11. c4 Bg7 12. 0-0 Nd7 13. c5 Qc7 14. Nf3 Nxc5 15. Ba3 Ne6 16. f5 Nf4 17. Re1 e6 18. Ng5 Bf6 19. Ne4 Be7 20. Bxe7 Qxe7 21. Qd2 Nxg2 22. Kxg2 gxf5 23. gxf5 Rg8+ 24. Kh1 Bd7 25. Qf4 c5 26. fxe6 Bxe6 27. Nf6+ Kf8 28. Nxg8 Kxg8 29. Qe5 Rd8 30. Rg1+ Kf8 31. Qh8# 1-0

[Event "Hannover-chC"]
[Site "Lehrte"]
[Date "2011.10.15"]
[Round "1"]
[White "Niehaus, Stephan"]
[Black "Heise, Thomas"]
[Result "1-0"]
[WhiteElo "2041"]
[BlackElo "1801"]
[PlyCount "105"]
[EventDate "2011.10.15"]
[EventType "swiss"]
[EventRounds "7"]
[EventCountry "GER"]
[SourceTitle "EXT 2021"]
[Source "ChessBase"]
[SourceDate "2020.10.23"]
[SourceVersion "1"]
[SourceVersionDate "2020.10.23"]
[SourceQuality "1"]

1. d4 d5 2. Bf4 Nf6 3. e3 e6 4. Nd2 c5 5. c3 Nc6 6. Ngf3 Bd6 7. Bg3 0-0 8. Bd3 Re8 9. Ne5 Bxe5 10. dxe5 Nd7 11. Nf3 Qc7 12. Ng5 g6 13. f4 c4 14. Bc2 Qb6 15. 0-0 h6 16. Nf3 Qxb2 17. Qd2 Qa3 18. Nd4 Nxd4 19. exd4 Nf8 20. Bh4 h5 21. Bf6 Nh7 22. Bh4 Qf8 23. Ba4 Re7 24. Bxe7 Qxe7 25. Bc2 Bd7 26. a4 a5 27. Rfb1 Bc6 28. g3 Nf8 29. h3 Nd7 30. Qf2 Kg7 31. Kg2 f5 32. exf6+ Nxf6 33. Qe2 Qd7 34. Qe5 Kf7 35. Qg5 Ne4 36. Bxe4 dxe4 37. Kf2 Qd5 38. Ke3 Qxg5 39. fxg5 Rd8 40. Rf1+ Kg7 41. Rf6 Rd5 42. h4 Rf5 43. Rxf5 exf5 44. Kf4 Kf7 45. Ke5 Ke7 46. d5 Be8 47. Rb1 Bxa4 48. Rxb7+ Kd8 49. Kd6 Ke8 50. Ra7 Bb3 51. Rxa5 e3 52. Ra8+ Kf7 53. Ra7+ 1-0

[Event "Hannover-ch op"]
[Site "Stadthagen"]
[Date "2009.10.05"]
[Round "6"]
[White "Heise, Thomas"]
[Black "Nolte, Alexander Nicolai"]
[Result "1/2-1/2"]
[WhiteElo "1501"]
[BlackElo "1787"]
[PlyCount "124"]
[EventDate "2009.10.01"]
[EventType "swiss"]
[EventRounds "7"]
[EventCountry "GER"]
[SourceTitle "EXT 2021"]
[Source "ChessBase"]
[SourceDate "2020.10.23"]
[SourceVersion "1"]
[SourceVersionDate "2020.10.23"]
[SourceQuality "1"]

1. Nf3 Nf6 2. d4 d5 3. c4 c6 4. e3 Bf5 5. Nc3 e6 6. cxd5 exd5 7. Ne5 Nbd7 8. Nxd7 Qxd7 9. Bd3 Bxd3 10. Qxd3 Bd6 11. b3 0-0 12. Bb2 Rfe8 13. 0-0-0 Qe7 14. Qf5 a5 15. g4 Bb4 16. g5 Bxc3 17. gxf6 Bxb2+ 18. Kxb2 Qd6 19. fxg7 a4 20. Ra1 Ra6 21. Qc2 Rea8 22. Qc5 Qf6 23. f4 Qh4 24. Qc2 axb3 25. axb3 Rxa1 26. Rxa1 Rxa1 27. Kxa1 Qe1+ 28. Ka2 Qxe3 29. Qf5 Qd2+ 30. Kb1 Qd1+ 31. Ka2 Qe2+ 32. Ka3 Qe7+ 33. Ka2 Qe2+ 34. Ka3 Qe7+ 35. Ka2 Qd8 36. Qe5 f6 37. Qe6+ Kxg7 38. Qg4+ Kf8 39. Qh4 Qe7 40. Qh3 Qc7 41. Qh6+ Qg7 42. Qh3 Qe7 43. Qc8+ Kf7 44. Qg4 b6 45. Qh5+ Kf8 46. Qf5 Qa7+ 47. Kb2 Qe7 48. Qc8+ Qe8 49. Qf5 Kg7 50. Qg4+ Kh6 51. Qh4+ Kg7 52. Qg4+ Kh8 53. Qf5 Qd8 54. Qe6 c5 55. dxc5 bxc5 56. Qc6 c4 57. bxc4 d4 58. Qd5 Qb8+ 59. Kc2 Qxf4 60. Qd8+ Kg7 61. Qe7+ Kg6 62. Qe8+ Kg7 1/2-1/2

[Event "Hannover-ch op"]
[Site "Stadthagen"]
[Date "2009.10.03"]
[Round "2"]
[White "Heise, Thomas"]
[Black "Walther, Jakob"]
[Result "0-1"]
[WhiteElo "1501"]
[BlackElo "1805"]
[PlyCount "88"]
[EventDate "2009.10.01"]
[EventType "swiss"]
[EventRounds "7"]
[EventCountry "GER"]
[SourceTitle "EXT 2021"]
[Source "ChessBase"]
[SourceDate "2020.10.23"]
[SourceVersion "1"]
[SourceVersionDate "2020.10.23"]
[SourceQuality "1"]

1. Nf3 d5 2. d4 c5 3. c4 e6 4. e3 Nc6 5. Nc3 Nf6 6. cxd5 exd5 7. Be2 Be7 8. 0-0 0-0 9. b3 Bg4 10. dxc5 Bxc5 11. Bb2 Rc8 12. Nb5 Ne4 13. Nfd4 Bxe2 14. Qxe2 Re8 15. Rac1 a6 16. Nxc6 Rxc6 17. Nd4 Rg6 18. f3 Bxd4 19. Bxd4 Nd6 20. Qf2 Nf5 21. Rc2 Qd6 22. Rfc1 Qe6 23. Rc3 h5 24. Rd3 h4 25. Rc7 h3 26. g4 Nd6 27. Qg3 f5 28. g5 Nb5 29. Rc2 Rc8 30. Rcd2 Nxd4 31. exd4 Rc1+ 32. Rd1 Rxd1+ 33. Rxd1 Qe3+ 34. Kh1 Qxg5 35. Rg1 Qxg3 36. Rxg3 Rh6 37. Kg1 Kf7 38. Kf2 Rh4 39. Ke2 Kf6 40. Kd3 g5 41. Rg1 g4 42. fxg4 Rxg4 43. Rxg4 fxg4 44. Ke3 g3 0-1